01760nam a2200337 i 4500001001400000003000700014005001700021006001900038007000600057008004100063010001700104020002500121040003100146041000800177042000800185050002000193100003300213240004300246245013500289250001900424260004900443300004600492504004100538520057300579650006201152650005501214700003701269942000801306952009301314999001501407ssj0001974336WaSeSS20251013113632.0m d cr n150622s2016 cau sb 000 0 eng d a 2015023616 a9781483381763 (pbk.) aDLCbengcDLCdDLCdWaSeSS aeng apcc00aHA17b.V64 2016 aVogt, W. Paul926089eauthor10aDictionary of statistics & methodology14aThe SAGE dictionary of statistics & methodologyb: a nontechnical guide for the social sciencesc/ W. Paul Vogt, R. Burke Johnson. aFifth edition. aLos Angeles, CA :bSAGE Publications,c2016. axxi, 492 pages :billustrations ;c23 cm. aIncludes bibliographical references. aWritten in a clear, readable style with a wide range of explanations and examples, this must-have dictionary reflects recent changes in the fields of statistics and methodology. Packed with new definitions, terms, and graphics, this invaluable resource is an ideal reference for researchers and professionals in the field and provides everything students need to read and understand a research report, including elementary terms, concepts, methodology, and design definitions, as well as concepts from qualitative research methods and terms from theory and philosophy. 0aSocial sciencesxStatistical methodsvDictionaries926090 0aSocial sciencesxMethodology vDictionaries926091 aJohnson, R. Burke926092eauthor 2lcc 00102lcc4070aTBSbTBSd2025-10-13l0oHA17 VOGpB05777r2025-10-13t1w2025-10-13y1 c5026d5026